[Event "Gipuzkoa-ch Seniors"]
[Site "Donostia"]
[Date "2010.12.27"]
[Round "2.2"]
[White "Saenz Zabala, Juan Ignacio"]
[Black "Juaristi Izaga, Jose Ignacio"]
[Result "1-0"]
[WhiteElo "1806"]
[BlackElo "1475"]
[PlyCount "119"]
[EventDate "2010.12.22"]
[EventType "swiss"]
[EventRounds "5"]
[EventCountry "ESP"]
[SourceTitle "EXT 2024"]
[Source "ChessBase"]
[SourceDate "2023.10.10"]
[SourceVersion "1"]
[SourceVersionDate "2023.10.10"]
[SourceQuality "1"]

1. e4 e6 2. d4 d5 3. e5 c5 4. c3 Qb6 5. Nf3 Nc6 6. Be2 cxd4 7. cxd4 Bd7 8. 0-0 0-0-0 9. a3 Nge7 10. b4 Nf5 11. Bb2 h5 12. Qc2 Kb8 13. Qd3 Rc8 14. Nbd2 Be7 15. Nb3 g5 16. Nc5 Rcd8 17. Bc3 g4 18. Nd2 Bg5 19. Rfb1 Bxd2 20. Qxd2 Bc8 21. b5 Qc7 22. bxc6 Qxc6 23. Na6+ Ka8 24. Bb5 Qb6 25. Ba5 Qxd4 26. Nc7+ Kb8 27. Qxd4 Nxd4 28. Bd3 b6 29. Na6+ Bxa6 30. Bxa6 Kc7 31. Rc1+ Kd7 32. Bb4 b5 33. Kf1 Rb8 34. Rc3 Rb6 35. Bc5 Rxa6 36. Bxd4 Rc8 37. Rac1 Rxc3 38. Rxc3 Rc6 39. Rxc6 Kxc6 40. Bxa7 Kb7 41. Bc5 Kc6 42. Bb4 d4 43. Ke2 Kd5 44. Bd6 Ke4 45. f3+ gxf3+ 46. gxf3+ Kf4 47. Kf2 h4 48. Ke2 d3+ 49. Kxd3 Kxf3 50. Be7 h3 51. Bh4 Kf4 52. Bg3+ Kf5 53. Kd4 f6 54. exf6 Kxf6 55. Kc5 e5 56. Kxb5 e4 57. a4 Ke6 58. Kb6 e3 59. a5 e2 60. a6 1-0

[Event "San Sebastian Beteranoen op"]
[Site "San Sebastian"]
[Date "2008.12.26"]
[Round "3"]
[White "Irulegi Garmendia, Jose Antonio"]
[Black "Juaristi Izaga, Jose Ignacio"]
[Result "1/2-1/2"]
[WhiteElo "1613"]
[BlackElo "1519"]
[PlyCount "80"]
[EventDate "2008.12.22"]
[EventType "swiss"]
[EventRounds "5"]
[EventCountry "ESP"]
[SourceTitle "EXT 2011"]
[Source "ChessBase"]
[SourceDate "2010.11.26"]
[SourceVersion "1"]
[SourceVersionDate "2010.11.26"]
[SourceQuality "1"]

1. e4 d6 2. d4 g6 3. Bg5 Bg7 4. Qd2 c6 5. Nc3 Qc7 6. f4 f6 7. Bh4 e5 8. 0-0-0 Bg4 9. Be2 Bxe2 10. Ngxe2 Nd7 11. Kb1 0-0-0 12. g4 h6 13. Bg3 h5 14. h3 hxg4 15. hxg4 Ne7 16. d5 Rxh1 17. Rxh1 Rh8 18. Rxh8+ Bxh8 19. dxc6 Nxc6 20. Qd5 Qd8 21. Qxd6 Bg7 22. f5 g5 23. Bf2 Bf8 24. Qd5 Kb8 25. a3 Qe7 26. Nb5 Qh7 27. Qd1 a6 28. Nd6 Qh2 29. Bg1 Qg2 30. Nxb7 Kc7 31. b4 Qxe4 32. Nc5 Nxc5 33. Bxc5 Bxc5 34. bxc5 Nd4 35. Nxd4 exd4 36. Qd3 Qxd3 37. cxd3 Kc6 38. Kb2 Kxc5 39. Kb3 a5 40. Ka4 Kb6 1/2-1/2

[Event "Gipuzkoako-ch Veterans"]
[Site "Donostia"]
[Date "2007.12.28"]
[Round "3.6"]
[White "Juaristi Izaga, Jose Ignacio"]
[Black "Santesteban Gonzalez, Begona"]
[Result "0-1"]
[WhiteElo "1606"]
[BlackElo "1584"]
[PlyCount "112"]
[EventDate "2007.12.26"]
[EventType "swiss"]
[EventRounds "5"]
[EventCountry "ESP"]
[SourceTitle "EXT 2024"]
[Source "ChessBase"]
[SourceDate "2023.10.10"]
[SourceVersion "1"]
[SourceVersionDate "2023.10.10"]
[SourceQuality "1"]

1. e4 c5 2. Nc3 d6 3. g3 Nf6 4. Bg2 e6 5. d3 Be7 6. Nge2 0-0 7. 0-0 Nc6 8. a3 Rb8 9. Be3 e5 10. Qc1 Nd4 11. Bxd4 cxd4 12. Nd5 Nxd5 13. exd5 f5 14. c3 dxc3 15. Qxc3 Bd7 16. f4 Bf6 17. Qd2 a6 18. Rab1 Qe7 19. Nc3 Rbc8 20. Rbe1 Qd8 21. Kh1 Re8 22. fxe5 dxe5 23. Bh3 g6 24. Bg2 Qa5 25. Nb1 Qxd2 26. Nxd2 Rc2 27. Nc4 Ba4 28. Rc1 Rd8 29. Nb6 Bb3 30. Rfd1 Rxb2 31. Re1 Ra2 32. Rc7 Rd2 33. Nd7 Bg7 34. Rxb7 Bc2 35. Nxe5 Bxe5 36. Rxe5 Rd1+ 37. Bf1 Rxf1+ 38. Kg2 Rb1 39. Rc7 Bxd3 40. Ree7 Be4+ 41. Kh3 Bxd5 42. Rg7+ Kf8 43. Rxh7 Ra1 44. Rhg7 Rxa3 45. Rxg6 a5 46. Rf6+ Ke8 47. Rh6 Kf8 48. Rh8+ Bg8 49. Rh6 Rad3 50. Rf6+ Ke8 51. Rxf5 Be6 52. Kg4 a4 53. Kf4 Bxf5 54. Kxf5 Ra8 55. Rh7 Ra5+ 56. Kf4 a3 0-1